Statistics for Sunderland Premier League Players

Click here to take the quiz!

General Stats

  • This quiz has been taken 271 times
  • The average score is 60 of 245

Answer Stats

The Black Cats% Correct
Stern John
86%
Jermain Defoe
79%
John O'Shea
78%
Adam Johnson
76%
Billy Jones
74%
Kenwyne Jones
74%
Kevin Phillips
73%
Wes Brown
72%
Chris Brown
71%
Lee Cattermole
71%
El-Hadji Ba
69%
Jordan Pickford
67%
Niall Quinn
65%
Dan Smith
60%
Darren Bent
60%
Martin Smith
60%
Jordan Henderson
58%
Sung-yueng Ki
58%
Fabio Borini
55%
Sebastian Larsson
55%
Jack Colback
53%
Steven Fletcher
51%
Asamoah Gyan
49%
Kieran Richardson
48%
Andy Reid
46%
Craig Gordon
45%
Phil Bardsley
45%
Andy Cole
43%
Stéphane Sessègnon
43%
Vito Mannone
43%
Dwight Yorke
42%
Jack Rodwell
42%
Simon Mignolet
42%
Andy Gray
40%
Lamine Koné
40%
Michael Gray
40%
Thomas Sørensen
40%
Kevin Ball
39%
Costel Pantilimon
38%
Danny Welbeck
38%
Djibril Cissé
38%
Patrick van Aanholt
37%
Kelvin Davis
36%
Ben Clark
35%
Darren Williams
35%
El-Hadji Diouf
35%
Frazier Campbell
35%
Liam Miller
35%
Connor Wickham
34%
Julio Arca
34%
Steed Malbranque
34%
Tommy Miller
34%
Danny Rose
33%
Stephen Wright
33%
Adnan Januzaj
32%
Darron Gibson
32%
Didier N'Dong
32%
Dong-won Ji
32%
Duncan Watmore
32%
Jozy Altidore
32%
Titus Bramble
32%
Wahbi Khazri
32%
Craig Gardner
31%
Jonny Evans
31%
Lynden Gooch
31%
Nicklas Bendtner
31%
Wayne Bridge
31%
Carlos Edwards
30%
Danny Collins
30%
Dean Whitehead
29%
Michael Turner
29%
Danny Graham
28%
Marcus Stewart
28%
Paul Stewart
28%
Victor Anichebe
28%
Boudewijn Zenden
27%
Daryl Murphy
27%
David Vaughan
27%
Liam Lawrence
27%
Yann M'Vila
27%
Younès Kaboul
27%
Allan Johnston
26%
DeAndre Yedlin
26%
Gavin McCann
26%
Michael Bridges
26%
Nicky Summerbee
26%
Anton Ferdinand
25%
Emanuele Giaccherini
25%
Javier Manquillo
25%
Joleon Lescott
25%
Lionel Perez
25%
Michael Chopra
25%
George Honeyman
24%
George McCartney
24%
Grant Leadbitter
24%
James McClean
24%
Kevin Kilbane
24%
Santiago Vergini
24%
Stefan Schwarz
24%
Tore André Flo
24%
Alex Rae
23%
Donald Love
23%
Mart Poom
23%
Ahmed Elmohamady
22%
Bryan Oviedo
22%
Keiren Westwood
22%
Lorik Cana
22%
Marcos Alonso
22%
Paddy McNair
22%
Steven Pienaar
22%
Jason Denayer
21%
Márton Fülöp
21%
Nyron Nosworthy
21%
Pascal Chimbonda
21%
Russell Anderson
21%
Christopher Black
20%
Danny Higginbotham
20%
Jan Kirchhoff
20%
Jeremain Lens
20%
Jordi Gómez
20%
Paul Bracewell
20%
Carl Robinson
19%
Darren Ward
19%
Emerson Thome
19%
Jody Craddock
19%
John Mensah
19%
Jon Stead
19%
Papy Djilobodji
19%
Sebastián Coates
19%
Stephen Elliott
19%
Claudio Reyna
18%
David Kelly
18%
Gareth Hall
18%
Teemu Tainio
18%
Thomas Robson
18%
Carlos Cuéllar
17%
David Connolly
17%
Kevin Kyle
17%
Martin Scott
17%
Nedum Onuoha
17%
Paul McShane
17%
Rory Delap
17%
Ross Wallace
17%
Stanislav Varga
17%
Steve Bould
17%
Alfred N'Diaye
16%
Bernt Haas
16%
Chris Makin
16%
David Bellion
16%
Gary Breen
16%
Matt Kilgallon
16%
Thomas Myhre
16%
Danny Dichio
15%
Joachim Björklund
15%
Louis Saha
15%
Paul Butler
15%
Paulo da Silva
15%
Phil Babb
15%
Thomas Butler
15%
Adam Matthews
14%
Andrea Dossena
14%
Anthony Le Tallec
14%
Ben Alnwick
14%
Craig Russell
14%
Dariusz Kubicki
14%
David Healy
14%
Don Hutchison
14%
Éric Roy
14%
Joel Asoro
14%
Liam Bridcutt
14%
Michael Proctor
14%
Rees Greenwood
14%
Richard Ord
14%
Steve Agnew
14%
Andy Melville
13%
Charis Mavrias
13%
Greg Halford
13%
Milton Núñez
13%
Ola Toivonen
13%
Ondřej Čelůstka
13%
Ricky Álvarez
13%
Thomas Helmer
13%
Anthony Stokes
12%
Cabral
12%
Cristian Riveros
12%
David Meyler
12%
Dickson Etuhu
12%
Jason McAteer
12%
Jordan Cook
12%
Justin Hoyte
12%
Kader Mangane
12%
Lee Howey
12%
Modibo Diakité
12%
Sean Thornton
12%
Steven Caldwell
12%
Sulley Muntari
12%
Tony Coton
12%
Will Buckley
12%
Ignacio Scocco
11%
Patrice Carteron
11%
Patrick M'Boma
11%
Alan Hutton
10%
Chris Waddle
10%
Dame N'Doye
10%
Ian Harte
10%
Paul Thirlwell
10%
Rade Prica
10%
Ryan Noble
10%
Valentin Roberge
10%
Andy Welsh
9%
Benjani Mwaruwari
9%
Carsten Fredgaard
9%
Chris Woods
9%
Darren Holloway
9%
James McFadden
9%
John Oster
9%
Martin Woods
9%
Martyn Waghorn
9%
Tal Ben Haim
9%
Adam Mitchell
8%
Alan Stubbs
8%
Anthony Réveillère
8%
John Mullin
8%
Jurgen Macho
8%
Marcos Angeleri
8%
Richie Ryan
8%
Roy O'Donovan
8%
Sam Aiston
8%
Sotirios Kyrgiakos
8%
Chris Lumsdon
7%
Lilian Laslandes
7%
Talal El-Karkouri
7%
Andy Marriott
6%
Billy Knott
6%
Christian Bassila
6%
Matthew Piper
6%
Michael Reddy
6%
Calum Davenport
5%
Jan Eriksson
5%
Jonjo Dickman
5%
Mikael Mandron
5%
Paul Heckingbottom
3%
Steve Pickering
2%
David Preece
1%
Philip Naisbett
1%

Score Distribution

Percentile by Number Answered

Percent of People with Each Score

Your Score History

You have not taken this quiz